[Event "London Twickenham U18 op 5th"]
[Site "London"]
[Date "2023.12.03"]
[Round "5"]
[White "Koeung, Alexander"]
[Black "Palav, Mayank"]
[Result "1-0"]
[WhiteElo "1108"]
[BlackElo "1396"]
[PlyCount "115"]
[EventDate "2023.12.02"]
[EventType "swiss"]
[EventRounds "5"]
[EventCountry "ENG"]
[SourceTitle "CB50_2023"]
[SourceDate "2023.12.13"]
[SourceVersion "1"]
[SourceVersionDate "2023.12.13"]
[SourceQuality "1"]

1. e4 c5 2. Bc4 e6 3. Nc3 Nc6 4. d3 Nf6 5. Nf3 d5 6. exd5 exd5 7. Bb3 h6 8. h3 Be7 9. 0-0 0-0 10. Bf4 Bd6 11. Qd2 Be6 12. Rfe1 a6 13. a3 Qc7 14. Bxd6 Qxd6 15. Ne2 Nd7 16. Nf4 Nde5 17. Nxe5 Nxe5 18. Qe3 Nd7 19. Nxe6 fxe6 20. Qxe6+ Qxe6 21. Rxe6 Nf6 22. Rae1 b5 23. Rd6 c4 24. dxc4 dxc4 25. Ba2 Rfd8 26. Red1 Re8 27. b3 Ne4 28. Rc6 Nc3 29. Ra1 Ne2+ 30. Kf1 Nd4 31. bxc4 Nxc6 32. cxb5+ Kf8 33. bxc6 Rac8 34. Bd5 Re5 35. c4 Ke7 36. Rb1 Kd6 37. Rb6 Ra8 38. Rb7 Rae8 39. Rd7+ Kc5 40. g3 R5e7 41. Rb7 Rxb7 42. cxb7 Kb6 43. f3 Kc7 44. Kf2 Rf8 45. Ke3 Rf6 46. c5 g5 47. c6 h5 48. f4 h4 49. gxh4 gxf4+ 50. Kf3 Rf5 51. Be4 Ra5 52. Kxf4 Rxa3 53. Bf3 Ra4+ 54. Kg5 Rd4 55. h5 Rd3 56. Be2 Rd5+ 57. Kg6 a5 58. h6 1-0

[Event "London Classic op U1825 11th"]
[Site "London"]
[Date "2019.11.30"]
[Round "2"]
[White "Palav, Mayank"]
[Black "Caceres De la Calle, Eduardo"]
[Result "0-1"]
[WhiteElo "1421"]
[BlackElo "1623"]
[PlyCount "90"]
[EventDate "2019.11.29"]
[EventType "swiss"]
[EventRounds "5"]
[EventCountry "ENG"]
[SourceTitle "CBM 195 Extra"]
[Source "ChessBase"]
[SourceDate "2020.05.31"]
[SourceVersion "1"]
[SourceVersionDate "2020.05.31"]
[SourceQuality "1"]

1. e4 e5 2. Nf3 Nc6 3. Bc4 Nf6 4. 0-0 Bc5 5. c3 Bb6 6. d4 d6 7. dxe5 dxe5 8. Qxd8+ Kxd8 9. Bg5 Ke7 10. Nbd2 Be6 11. Bxe6 Kxe6 12. a3 h6 13. Bxf6 Kxf6 14. Nc4 Ke6 15. b4 f6 16. a4 a5 17. Nxb6 cxb6 18. b5 Ne7 19. Rad1 Rhd8 20. Rd2 Rac8 21. Rxd8 Rxd8 22. Rc1 g5 23. h3 Ng6 24. g3 Nf8 25. Kg2 Nd7 26. Nd2 Nc5 27. Nc4 Nxa4 28. Ra1 Nxc3 29. Nxb6 Nxe4 30. Nc4 Rc8 31. Nxa5 Ra8 32. Nb3 Rxa1 33. Nxa1 Nc3 34. Nb3 b6 35. f3 Nxb5 36. Nd2 Kd5 37. Ne4 Kd4 38. Nxf6 Nc3 39. Kf2 e4 40. Ng4 exf3 41. Kxf3 b5 42. Ne3 Kd3 43. Kf2 b4 44. Nf1 b3 45. Ke1 Ne4 0-1